Los mestizos de América
Guardat en:
| Autor principal: | |
|---|---|
| Format: | Llibre |
| Idioma: | espanyol |
| Publicat: |
Madrid
Espasa-Calpe
1976
|
| Col·lecció: | Colección Austral, 1610
|
| Matèries: | |
| Etiquetes: |
Afegir etiqueta
Sense etiquetes, Sigues el primer a etiquetar aquest registre!
|
MARC
| LEADER | 00000nam a2200000 a 4500 | ||
|---|---|---|---|
| 001 | UCL2974 | ||
| 003 | CL-VaPUC | ||
| 008 | 031107e19760000SP |||||||||||||||||spa|d | ||
| 020 | |a 8423916103 | ||
| 082 | 0 | 4 | |a 980 |b PER |2 21 |
| 100 | 0 | |a Pérez de Barradas, José |e author |9 480209 | |
| 245 | 1 | 4 | |a Los mestizos de América |
| 300 | |a 249 p | ||
| 942 | |c BK | ||
| 945 | |d 20031107 00:00:00 |a cmena | ||
| 260 | |a Madrid |b Espasa-Calpe |c 1976 | ||
| 650 | 0 | |a Historia de América |9 266076 | |
| 650 | 7 | |a DESCUBRIMIENTO Y CONQUISTA |2 CL-VaPUC |9 268482 | |
| 650 | 0 | |a Colonización |9 265172 | |
| 651 | 0 | |a América |9 255182 | |
| 583 | |a last modification |c 20031107 00:00:00 |k Rodrigo Vera | ||
| 490 | 0 | |a Colección Austral, 1610 | |
| 999 | |c 306133 |d 306131 | ||
| 952 | |0 0 |1 0 |4 0 |6 980_000000000000000_PER_1976 |7 0 |8 DER_HDC |9 370892 |a BIBDER |b BIBDER |d 2019-11-21 |i 3934896 |o 980 PER 1976 |p 3934896 |r 2023-01-25 |w 2019-11-21 |x Ubicación 4to Piso |y BK |z Estos recursos deben solicitarse con anticipación |k DER | ||